Peanuts Characters by Picture - Statistics

General Stats
  • This quiz has been taken 22 times
  • The average score is 9 of 30
Answer Stats
Picture Answer % Correct
Charlie Brown
100%
Linus Van Pelt
83%
Snoopy
83%
Woodstock
83%
Lucy Van Pelt
78%
Pig-Pen
72%
Patricia Reichardt (Peppermint Patty)
67%
Sally Brown
61%
Schroeder
50%
Franklin Armstrong
28%
Marcie Carlin
28%
Rerun Van Pelt
28%
Violet Gray
28%
Patty Swanson
22%
Olaf
11%
Eudora
6%
Frieda Rich
6%
Raymond
6%
Roy
6%
Shermy Pepper
6%
Spike
6%
Andy
0%
Belle
0%
Bill
0%
Conrad
0%
Fred
0%
Harriet
0%
Marbles
0%
Oliver
0%
Wilson
0%
No matching quizzes found
Score Distribution
Percent of People with Each Score
Percentile by Number Answered
Your Score History
You have not taken this quiz